Cómo es el niño retardado y cómo enseñarle
Gardado en:
| Autor Principal: | |
|---|---|
| Formato: | Libro |
| Idioma: | Lingua castelá |
| Publicado: |
Buenos Aires
Paidós
1979
|
| Edición: | 4a. ed |
| Series: | Biblioteca del educador contemporáneo, 31
|
| Subjects: | |
| Tags: |
Engadir etiqueta
Sen Etiquetas, Sexa o primeiro en etiquetar este rexistro!
|
MARC
| LEADER | 00000nam a2200000 a 4500 | ||
|---|---|---|---|
| 001 | UCZ0781 | ||
| 003 | CL-VaPUC | ||
| 008 | 950809e19790000AG |||||||||||||||||spa|d | ||
| 082 | 0 | 4 | |a 371.91 |b ERI |2 21 |
| 100 | 0 | |a Erickson, Marion J |e author |9 344047 | |
| 245 | 1 | 0 | |a Cómo es el niño retardado y cómo enseñarle |
| 250 | |a 4a. ed | ||
| 300 | |a 143 p | ||
| 942 | |c BK | ||
| 945 | |d 19950809 00:00:00 |a cmena | ||
| 260 | |a Buenos Aires |b Paidós |c 1979 | ||
| 650 | 0 | |a Educación especial |9 307486 | |
| 650 | 0 | |a Enseñanza |9 256457 | |
| 650 | 0 | |a Niños |9 255605 | |
| 650 | 0 | |a Planificación de la educación |9 307333 | |
| 650 | 0 | |a Educación básica |9 224933 | |
| 650 | 7 | |a RESPONSABILIDAD DE LOS PADRES |2 CL-VaPUC |9 344048 | |
| 650 | 0 | |a Alumnos subordinados |9 339380 | |
| 650 | 0 | |a Minusválidos mentales |9 311830 | |
| 650 | 7 | |a PROFESORES DE EDUCACION ESPECIAL |2 CL-VaPUC |9 340797 | |
| 583 | |a last modification |c 19950809 00:00:00 |k Rodrigo Vera | ||
| 490 | 0 | |a Biblioteca del educador contemporáneo, 31 | |
| 999 | |c 237687 |d 237685 | ||
| 952 | |0 0 |1 0 |4 0 |6 371_910000000000000_ERI_1979 |7 0 |8 P |9 247290 |a BIBEDU |b BIBEDU |c BIBEDU_PB |d 2019-11-18 |i 1555235 |o 371.91 ERI 1979 |p 1555235 |r 2024-01-25 |w 2019-11-18 |y BK |k EDU | ||
| 952 | |0 0 |1 0 |4 0 |6 371_910000000000000_ERI_1979 |7 0 |8 P |9 247291 |a BIBEDU |b BIBEDU |c BIBEDU_PB |d 2019-11-18 |i 1555243 |o 371.91 ERI 1979 |p 1555243 |r 2024-01-25 |w 2019-11-18 |y BK |k EDU | ||
| 952 | |0 0 |1 0 |4 0 |6 371_910000000000000_ERI_1979 |7 0 |8 P |9 247292 |a BIBEDU |b BIBEDU |c BIBEDU_PB |d 2019-11-18 |i 1555251 |o 371.91 ERI 1979 |p 1555251 |r 2024-01-25 |w 2019-11-18 |y BK |k EDU | ||
| 952 | |0 0 |1 0 |4 0 |6 371_910000000000000_ERI_1979 |7 0 |8 P |9 247293 |a BIBEDU |b BIBEDU |c BIBEDU_PB |d 2019-11-18 |i 155526K |o 371.91 ERI 1979 |p 155526K |r 2024-01-25 |w 2019-11-18 |y BK |k EDU | ||